| 000 | 01441 a2200241 4500 | ||
|---|---|---|---|
| 003 | Nust | ||
| 005 | 20221121101938.0 | ||
| 010 | _a 95010162 | ||
| 020 | _a020180879X | ||
| 040 | _cNust | ||
| 082 | 0 | 0 | _a515.35,NAG |
| 100 | 1 |
_aNagle, R. Kent. _9103234 |
|
| 245 | 1 | 0 |
_aFundamentals of differential equations and boundary value problems / _cR. Kent Nagle & Edward B. Saff. |
| 250 |
_a2nd ed. / _bwith contributions by A.D. Snider. |
||
| 260 |
_aReading, Mass. : _bAddison-Wesley, _cc1996. |
||
| 300 |
_axx, 834, 10, 38, 6 p. : _bill. (some col.) ; _c24 cm. |
||
| 505 | _aIntroduction (Page-1), First-Order Differential Equations (Page-35), Mathematical Models and Numerical Methods Involving First-Order Equations (Page-86), Linear Second-Order Equations (Page-150), Introduction to Systems and Phase Plane Analysis (Page-240), Theory of Higher-Order Linear Differential Equations (Page-321), Laplace Transforms (Page-351), Series Solutions of Differential Equations (Page-429), Matrix Methods for Linear Systems (Page-513), Partial Differential Equations (Page-573), Eigenvalue Problems and Sturm-Liouville Equations (Page-658), Stability of Autonomous Systems (Page-734), Existence and Uniqueness Theory (Page-805). | ||
| 650 | 0 |
_aBoundary value problems. _9689 |
|
| 650 | 0 |
_aDifferential equations. _9688 |
|
| 700 | 1 |
_aSaff, E. B., _d1944- _9103235 |
|
| 700 | 1 |
_aSnider, Arthur David, _d1940- _934526 |
|
| 942 |
_cBK _2ddc _k515.35,NAG |
||
| 999 |
_c217287 _d217287 |
||